| 000 | 00761nac a22002171u 4500 | ||
|---|---|---|---|
| 010 | _a97218568 | ||
| 020 | _a0074623001 | ||
| 020 | _a0074623001 | ||
| 082 | 0 | 0 |
_a620.16 _bN331 |
| 090 |
_c853 _d853 |
||
| 100 | _aNayar, Alok. | ||
| 245 | 1 | 4 |
_aThe metals databook / _cAlok Nayar. |
| 246 | 1 | 4 | _aMetal databook |
| 260 |
_aNew Delhi : _bMcGraw-Hill, _cc1997. |
||
| 300 |
_a1 v. (various pagings) ; _c25 cm. |
||
| 504 | _aIncludes bibliographical references and index. | ||
| 650 | 0 |
_aMetals _xTables. |
|
| 856 | 4 | 2 |
_3Table of contents _uhttp://www.loc.gov/catdir/toc/mh022/97218568.html |
| 942 |
_cBB _k620.16N331 |
||
| 999 |
_c853 _d853 |
||